Best Selling Cars Ever Quiz Stats

 Plays Quiz Updated Oct 2, 2018

Score 0/50 Timer 10:00
14 Plays Today
Units (m) Model/Nameplate % Correct
16.5Ford Model T
79.8%
4.3Ford Model A
78.4%
18.5Honda Civic
59.3%
40.0Toyota Corolla
56.4%
10.0Toyota Camry
53.7%
9.0Ford Mustang
51.5%
17.5Honda Accord
50.6%
23.5Volkswagen Beetle
48.9%
35.0Ford F-series
44.4%
6.8Ford Taurus
33%
12.0Ford Focus
29%
27.5Volkswagen Golf
28.7%
8.8Renault 5
28.2%
12.0Volkswagen Polo
28%
8.3BMC Mini
28%
5.1Chevrolet Camaro
27.7%
8.1Mercedes-Benz C-Class
25.7%
13.0BMW 3-series
25%
10.0Volkswagen Jetta
24.9%
15.5Volkswagen Passat
20.9%
18.0Ford Escort
20.4%
5.7Ford Explorer
20%
14.0Chevrolet Impala
19.1%
8.1Renault 4
19%
15.0Ford Fiesta
16.2%
Units (m) Model/Nameplate % Correct
5.9Nissan Sunny/Sentra/Pulsar
15.2%
19.3VAZ-2101
13.7%
5.2Ford Ranger
13.4%
4.4Opel Ascona/Vauxhall Cavalier
13.2%
6.2Chevrolet Cavalier
13%
12.0Renault Clio
11.3%
11.0Opel/Vauxhall Astra/Kadett
10.5%
9.0Fiat Punto
9.9%
6.1Peugeot 206
9.7%
5.5Ford Crown Victoria
8.9%
12.4Opel/Vauxhall Corsa
8.6%
8.8Citroen 2CV
7.5%
5.3Peugeot 205
7.1%
12.0Chrysler Town & Country
6.7%
11.9Oldsmobile Cutlass
6.4%
6.0Buick Le Sabre
6%
6.5Opel/Vauxhall Vectra
5.9%
10.5Mazda 323
5.5%
8.8Fiat Uno
5.5%
4.2Ford Cortina/Taunus
5.3%
5.3Ford E-series
5.1%
5.3Toyota Land Cruiser
5%
11.7Chrysler Voyager
4.6%
5.6Mitsubishi Galant
4.2%
4.7Fiat 126
2.2%

You're not logged in!

Compare scores with friends on all Sporcle quizzes.
OR
Log In

Sporcle TV

Today on Sporcle TV


Watch our educational content, quiz creation guides, and fun videos on Sporcle TV.

Show Comments

Extras

Top Quizzes Today


Score Distribution

Your Account Isn't Verified!

In order to create a playlist on Sporcle, you need to verify the email address you used during registration. Go to your Sporcle Settings to finish the process.

Report this User

Report this user for behavior that violates our Community Guidelines.

Details: